000 00273nam a2200109Ia 4500
008 190216s9999||||xx |||||||||||||| ||und||
100 _a"Mohumn. R, Sharma. M"
245 0 _aHindi- Ruus Ki Lokkathiayan
260 _bPrashanth Prakasan
_c2010
650 _aHindi
942 _cBK
999 _c16853
_d16853